[Event "Moscow op-A 04th"]
[Site "Moscow"]
[Date "2008.02.02"]
[Round "1"]
[White "Amonatov, Farrukh"]
[Black "Zemtsov, Igor"]
[Result "1-0"]
[WhiteElo "2649"]
[BlackElo "2400"]
[Annotator "Reeh,O"]
[PlyCount "53"]
[EventDate "2008.02.02"]
[EventType "swiss"]
[EventRounds "9"]
[EventCountry "RUS"]
[SourceTitle "CBM 123"]
[Source "ChessBase"]
[SourceDate "2008.04.02"]
[SourceVersion "1"]
[SourceVersionDate "2008.04.02"]
[SourceQuality "1"]

1. e4 Nc6 2. Nf3 d6 3. d4 Nf6 4. d5 Nb8 5. Bd3 g6 6. O-O Bg7 7. h3 c6 8. c4 O-O
9. Nc3 a6 10. Bg5 h6 11. Be3 b5 $6 12. cxb5 axb5 (12... cxb5 {was of course
not Black's idea - this would leave his queenside too weak. war natürlich
nicht die Idee von Schwarz - sein Damenflügel wäre zu stark geschwächt.}) 13.
dxc6 b4 $2 {After this White's quickly infiltrate Black's weakened queenside.
Danach dringen die weißen Figuren schnell am geschwächten schwarzen
Damenflügel ein.} ({Better was the pawn sacrifice Besser war das Bauernopfer} 
13... Nxc6 14. Bxb5 Bb7 {hoping to get counterplay on the queenside as
compensation. in der Hoffnung, als Kompensation Gegenspiel am Damenflügel zu
bekommen.}) 14. Nd5 $1 Nxc6 15. Bb6 $1 Qd7 16. Bb5 Bb7 {[%tqu "En","How would
you exploit White's pressure on the queenside?","Black's knight on c6 is
pinned, but also one of his central pawns (indirectly)...","Show that Black's
queen on d7 is very unfortunately placed!","f3e5","Great!  Not only Black's
knight on c6 is pinned, but indirectly also his d-pawn - White wins material.",
10,"De","Wie würden Sie aus dem weißen Druck am Damenflügel Kapital schlagen?",
"Der Springer auf c6 gefesselt, aber auch einer seiner Zentrumsbauern 
(indirekt)...","Zeigen Sie, dass die schwarze Dame auf d7 höchst unglücklich
steht!","f3e5","Toll!  Nicht nur der schwarze Springer c6 ist gefesselt,
sondern indirekt auch sein d-Bauer - Weiß gewinnt Material.",10]} 17. Ne5 $1 {
Using the fact that the pawn on d6 can't capture since this would open the
d-file - White wins material. Nutzt die Tatsache, dass der Bauer auf d6 nicht
schlagen kann, weil dies die d-Linie öffnen würde - Weiß gewinnt Material.}
Nxe5 ({The alternatives were sad too: Die Alternativen waren ebenfalls
trostlos:} 17... dxe5 18. Nxf6+ {and the queen drops. und die Dame fällt.}) (
17... Qc8 18. Nxc6 {with the threat 19.Nxe7+. mit der Drohung 19.Nxe7+.}) 18.
Nxf6+ Bxf6 19. Bxd7 Nxd7 20. Bd4 Bxe4 21. Re1 e5 22. Be3 Rfd8 23. Qxd6 Bc2 24.
Qxb4 e4 25. Bd4 Ne5 26. Bxe5 Bxe5 27. Qc5 1-0

[Event "EU-ch 11th"]
[Site "Rijeka"]
[Date "2010.03.06"]
[Round "1"]
[White "Timofeev, Artyom"]
[Black "Pancevski, Filip"]
[Result "1-0"]
[WhiteElo "2655"]
[BlackElo "2423"]
[Annotator "Reeh,O"]
[PlyCount "73"]
[EventDate "2010.03.06"]
[EventType "swiss"]
[EventRounds "11"]
[EventCountry "CRO"]
[SourceTitle "CBM 136"]
[Source "ChessBase"]
[SourceDate "2010.05.18"]
[SourceVersion "1"]
[SourceVersionDate "2010.05.18"]
[SourceQuality "1"]

1. e4 d6 2. d4 Nf6 3. Nc3 g6 4. Be3 Bg7 5. Qd2 c6 6. Bh6 Bxh6 7. Qxh6 e5 8. Nf3
Qe7 9. Bd3 b5 10. O-O Bb7 11. dxe5 dxe5 12. a4 b4 13. Nd1 Nbd7 14. Ne3 a5 15.
Rfd1 Nb6 16. c3 bxc3 17. bxc3 O-O-O 18. Ne1 Nfd7 19. Rdb1 Kc7 20. Nc4 Nxc4 21.
Bxc4 f6 22. Ra2 Rb8 23. Rd2 Nb6 24. Bb3 Ba6 25. Qe3 Rhd8 26. Rdb2 Rb7 27. c4
Rdb8 28. Qc3 Qb4 29. Qc2 Bxc4 $2 {The wrong capture! Das falsche Schlagen!} ({
Possible was Möglich war} 29... Nxc4 $1 30. Nd3 Qa3 $1 (30... Qd2 31. Nc5 $1
$16) {when White's back rank weakness prevents him from winning material: ,
wonach Weiss aufgrund seiner Grundreihenschwäche kein Material gewinnen kann:}
31. Bxc4 (31. Ra2 $2 Rxb3) 31... Rxb2 $1 32. Nxb2 (32. Rxb2 $2 Qa1+) 32... Bxc4
$1 {and White has to take back with the queen (33.Qxc4 Rxb2 34.Rc1=), since
after und Weiss muss mit der Dame zurücknehmen (33.Qxc4 Rxb2 34.Rc1=), denn
nach} 33. Nxc4 {Black wins thanks to the deflection achieved by gewinnt
Schwarz dank der Ablenkung} Qxa4 $1) 30. Bxc4 Qxc4 {[%tqu "En","White to play
and win.","","","b2b6","",5,"De","Weiss zieht und gewinnt.","","","b2b6","",5]}
31. Rxb6 $1 {The destruction of the piece protecting the queen wins material
for White. Die Vernichtung der Deckungsfigur der Dame gewinnt Material fuer
Weiss.} Rxb6 ({Hopeless is Hoffnungslos ist} 31... Qxc2 32. Rxb7+ Rxb7 33.
Rxb7+ Kxb7 34. Nxc2 {, e.g. , z.B.} Kb6 35. Kf1 Kc5 36. Ke2 Kc4 37. Ne3+ Kb3
38. Kd3 Kxa4 39. Kc4) 32. Qxc4 Rxb1 33. Qf7+ $1 {Necessary precision!
Notwendige Genauigkeit!} (33. Kf1 $6 {would have allowed Black to activate his
rooks with hätte Schwarz erlaubt, seine Tuerme zu aktivieren mittels} R8b4 34.
Qf7+ Kb6 {and the double threat ...Rxe4 and ...Rxa4-a1. und der Doppeldrohung .
..Rxe4 und ...Rxa4-a1.}) ({while wohingegen auf} 33. Qc3 {could be followed by}
Rd8 $1 34. Qxa5+ Kb7 {folgen koennte.}) 33... Kb6 ({Or Oder} 33... Kc8 34. Kf1
R8b4 35. Qxf6 $18) 34. Kf1 Rd8 35. Ke2 Rb2+ 36. Ke3 Rdd2 37. Nd3 1-0

[Event "Blackpool zt"]
[Site "Blackpool"]
[Date "1990.??.??"]
[Round "?"]
[White "Davies, Nigel Rodney"]
[Black "McNab, Colin Anderson"]
[Result "1-0"]
[WhiteElo "2475"]
[BlackElo "2390"]
[Annotator "Ribli,Z"]
[PlyCount "77"]
[EventDate "1990.05.??"]
[EventType "tourn"]
[EventRounds "11"]
[EventCountry "ENG"]
[EventCategory "8"]
[SourceTitle "CBM 018"]
[Source "ChessBase"]
[SourceDate "1990.10.01"]
[SourceVersion "1"]
[SourceVersionDate "1990.10.01"]
[SourceQuality "1"]

1. d4 d6 2. c3 Nf6 3. Nf3 (3. Bg5 Nbd7 4. Nd2 e5 5. e4 {Hodgson,J-McNab,C
London WFW 1989 CBM/13}) 3... Nbd7 4. Nbd2 e5 5. e4 Be7 6. Bd3 O-O 7. O-O c6 8.
Re1 Qc7 9. Nf1 Re8 10. Ng3 g6 11. h3 Nf8 12. Be3 Ne6 13. a4 Nf4 14. Bf1 N6h5
15. Nxh5 Nxh5 16. Bc4 Nf4 17. Bxf4 $5 exf4 18. Qd2 g5 19. Nh2 Bf6 20. Qd1 Be6
21. Bd3 h6 22. Qh5 Bg7 23. a5 Kf8 24. Ng4 Bxg4 25. Qxg4 Qc8 26. Qf3 Qe6 27. Kf1
Re7 (27... a6) 28. a6 $5 Rae8 29. Qe2 b6 30. Kg1 d5 $6 31. e5 f6 32. Bg6 Rd8
33. Qh5 $1 fxe5 34. dxe5 d4 35. h4 $1 dxc3 36. bxc3 gxh4 37. Ra4 Rd5 38. Rxf4+
Kg8 39. Bf5 1-0

[Event "Bad Homburg"]
[Site "Bad Homburg"]
[Date "1996.??.??"]
[Round "3"]
[White "Stangl, Markus"]
[Black "Bezold, Michael"]
[Result "1-0"]
[WhiteElo "2565"]
[BlackElo "2495"]
[Annotator "Ribli,Z"]
[PlyCount "81"]
[EventDate "1996.07.20"]
[EventType "tourn"]
[EventRounds "9"]
[EventCountry "GER"]
[EventCategory "12"]
[SourceTitle "CBM 055"]
[Source "ChessBase"]
[SourceDate "1996.12.01"]
[SourceVersion "1"]
[SourceVersionDate "1996.12.01"]
[SourceQuality "1"]

1. Nf3 d6 2. d4 Bg4 3. e4 Nf6 4. Nc3 e6 5. h3 Bh5 6. Qe2 {Ribli.Das ist meiner
Meinung nach die beste Variante fuer Weiss.Der Anziehende bereitet g2-g4 vor,
und Schwarz hat keine wirklich gute Fortsetzung.} c6 {Ribli.Der andere
Wartezug 6...a6 ist auch interessant,z.B.7.g4 Bg6 8.Bg5 Be7 9.h4 h5 10.Bf6 Bf6
11.g5 Be7 12.0-0-0 Hennig -Hickl,1995,Hamburg,open.} 7. Bg5 (7. g4 Bg6 8. h4 h5
9. g5 Nfd7 10. Bh3 Be7 11. Be3 d5 12. Nd2 {ist die Hauptvariante.}) 7... Be7 (
7... Nbd7 $5 8. g4 Bg6 9. Nh4 Qa5 10. Nxg6 hxg6 11. h4 d5 12. Bd2 Qb6 13. O-O-O
Nxe4 14. Nxe4 dxe4 15. Qxe4 Nf6 16. Qf4 Nd5 17. Qe4 $10 {Tompa,J-Wells,P/Hun
tt/9596/}) 8. g4 Bg6 9. Bxf6 (9. Qe3 d5 10. Bxf6 Bxf6 11. Bd3 Qa5 12. O-O-O Nd7
13. Kb1 Be7 14. Nd2 dxe4 15. Bxe4 Nf6 16. Nc4 Qc7 $13 {Tunik-Meshkov,1992
UdSSR.}) 9... Bxf6 10. h4 h6 (10... h5 11. g5 Be7 12. O-O-O Nd7 13. Qe3 $1 (13.
Bh3 d5 14. Ne5 Nxe5 15. dxe5 Qa5 16. exd5 cxd5 17. f4 $13 {Epishin,V-Mokry,K/
Vienna/1991/CBM26/Inf53,120/}) 13... Qb6 14. Nd2 d5 15. f4 dxe4 16. Ndxe4 Bxe4
17. Qxe4 g6 18. Bh3 O-O-O 19. d5 $36 {Stangl,M-Hug,W/Garmisch rapid/1994/EXP43/
}) 11. O-O-O $14 Nd7 {Ribli.Weiss hat grossen Raumvorteil, Schwarz hingegen
das Laeuferpaar. Die Stellung erinnert mich an die Trompovsky-Verteidigung,
nach 1.d4 Nf6 2.Bg5 e6 3.e4 h6 4.Bf6 Qf6 sind die Hauptmotive aehnlich.} 12.
Qe3 (12. Kb1 Qc7 13. Rg1 $5 (13. Qe3 O-O-O 14. h5 Bh7 15. g5 hxg5 16. Nxg5 Bg8
17. f4 Kb8 18. Be2 a6 19. a3 c5 20. dxc5 Qxc5 $13 {Cvitan,O-Speelman,J/Novi
Sad olm/1990/}) 13... h5 14. g5 Be7 15. d5 e5 16. Bh3 O-O-O 17. Nd2 Kb8 18. Nc4
Nb6 19. Nxb6 Qxb6 20. Rd3 $14 {Rogers,I-Milos,G/Manila olm/1992/}) 12... Qb6
13. Be2 e5 $2 {Ribli. Das ist nicht logisch. Zuerst waere die lange Rochade
notwendig.} 14. Bc4 O-O-O 15. Kb1 (15. h5 exd4 16. Nxd4 Ne5 17. Be2 Bh7 18. f4
Nd7 19. Bc4 Rhf8) 15... Rhf8 16. g5 hxg5 17. hxg5 Be7 (17... exd4 18. Nxd4 Bxd4
19. Qxd4 Qxd4 20. Rxd4 Nc5 {Ribli.Schwarz muss so spielen, denn: "wenige
Figuren - wenige Probleme". Dieses Prinzip ist gewoehnlich dann gültig, wenn
der Gegner Raumvorteil hat.}) 18. Bb3 Kb8 19. Ne2 exd4 (19... Rh8 20. Nh4 Bh5)
20. Nfxd4 Nc5 21. Ng3 Nxb3 22. axb3 d5 (22... Rh8 23. f4 Rxh1 24. Rxh1 d5 25.
f5 dxe4) 23. e5 $6 (23. exd5 $5 $14) 23... c5 (23... Rh8 24. f4 Rxh1 25. Rxh1
Bc5 26. Nge2 (26. Rd1 Rh8 27. f5 Bh5) 26... Be4) 24. Ndf5 Rfe8 (24... d4 $5 25.
Qd2 Rfe8 26. Nxg7 Rg8 27. N7h5 Bxg5 28. Qe2 Qxb3) 25. f4 (25. Nxg7 d4) 25...
Bxf5 26. Nxf5 g6 27. Nh6 $10 Qe6 28. Qh3 Rf8 (28... Rh8 29. Qxe6 fxe6 30. Nf7
Rxh1 31. Rxh1) 29. Rd3 Kc7 (29... Rh8) 30. Qg3 b5 31. Rf1 Rd7 32. f5 gxf5 33.
Rxf5 $16 Rh8 34. Rxf7 Kc8 (34... Rxh6 35. gxh6 Qxf7 36. e6+ $18) (34... Bxg5
35. Rxd7+ Kxd7 36. Qxg5 Rxh6 37. Qg7+ $16) 35. Rdf3 Qg6 36. R7f5 Bxg5 (36... b4
) 37. Rxg5 Qxh6 38. Rf6 Qh1+ 39. Ka2 Qe4 40. e6 Rc7 41. Rf7 {Ribli. Und
Schwarz ist hilflos. Einerseits droht Matt, anderseits kommt nach 41...Rf7 42.
ef und der Bauer ist nicht zu halten.} 1-0

[Event "EU-ch 1st"]
[Site "Saint Vincent"]
[Date "2000.07.07"]
[Round "5"]
[White "Jonkman, Harmen"]
[Black "Franco Ocampos, Zenon"]
[Result "1-0"]
[WhiteElo "2424"]
[BlackElo "2512"]
[Annotator "Rogozenco,D"]
[PlyCount "45"]
[EventDate "2000.07.03"]
[EventType "swiss"]
[EventRounds "11"]
[EventCountry "ITA"]
[SourceTitle "CBM 078"]
[Source "ChessBase"]
[SourceDate "2000.10.18"]
[SourceVersion "1"]
[SourceVersionDate "2000.10.18"]
[SourceQuality "1"]

1. e4 c5 2. c3 d6 3. d4 Nf6 4. Bd3 cxd4 5. cxd4 e5 6. Nf3 exd4 7. Nxd4 Be7 8.
O-O O-O 9. Nc3 Nc6 10. Nxc6 bxc6 11. Bf4 Be6 12. Qa4 (12. Qc2 h6 13. Rad1 Qa5
14. Na4 Rfd8 15. b3 c5 16. Bc4 d5 17. exd5 Nxd5 $11 {0-1 Jonkman,H-Bosboom,M/
Rotterdam NED 2000/ (40)}) 12... Nd7 $5 (12... Qb6 $142 $11) 13. Rad1 (13. Qxc6
Nc5 14. Bc2 (14. Rfd1 $2 Rc8 15. Qb5 Rb8 16. Qc6 Rb6 $19) 14... Rc8 (14... Rb8
$6 15. Nd5 Bxd5 16. Qxd5 Rxb2 17. Rac1) 15. Qb5 Rb8 16. Qe2 Rxb2 $13) 13... Nc5
14. Qc2 Qb6 (14... Nxd3 15. Qxd3 Qb6 16. Rd2 (16. Bxd6 Bxd6 17. Qxd6 Qxb2 $11)
16... Rfd8 17. Qg3 $14) 15. Be2 Rad8 (15... Rab8 16. Rd2 $14) 16. Rd2 Rd7 $6 (
16... f5 $5 17. e5 d5 18. Be3 $140 Qc7 19. f4 Ne4 $13) 17. Rfd1 Rfd8 (17... f5
18. Bxd6 $1 Bxd6 19. Rxd6 Rxd6 20. Rxd6 Nxe4 (20... fxe4 21. Bb5 $1) 21. Nxe4
fxe4 22. Bc4 Bxc4 23. Qxc4+ Kh8 24. Qe2 $16 {[%csl Rc6,Re4]}) 18. Be3 $36 Qb8
$2 (18... Qa5 19. f4 f6 {And although White is much better (Black has no
active play at all), there isn't a forced way for him.}) 19. f4 $1 $18 {
Now Black cannot avoid losing material.} Nxe4 (19... f6 20. f5 Bf7 21. Bxc5 $18
) (19... Nb3 20. axb3 Bxb3 21. Qc1 Bxd1 22. Qxd1 $18) 20. Nxe4 Bxa2 21. Nc5 $1
dxc5 22. Rxd7 Re8 23. Bc4 1-0

[Event "Minneapolis HB Global op"]
[Site "Minneapolis"]
[Date "2005.05.19"]
[Round "2"]
[White "Shibut, Macon A"]
[Black "Khachiyan, Melikset"]
[Result "0-1"]
[WhiteElo "2336"]
[BlackElo "2473"]
[Annotator "Rogozenco,D"]
[PlyCount "44"]
[EventDate "2005.05.18"]
[EventType "swiss"]
[EventRounds "9"]
[EventCountry "USA"]
[SourceTitle "CBM 107"]
[Source "ChessBase"]
[SourceDate "2005.08.01"]
[SourceVersion "1"]
[SourceVersionDate "2005.08.01"]
[SourceQuality "1"]

1. e4 c5 2. c3 d6 3. d4 Nf6 4. f3 {Such a move order is adopted from time to
time by E.Sveshnikov. The position can also arise via the Pirc move order: 1.
e4 d6 2.d4 Nf6 3.f3 c5 4.c3.} e6 {A rare move. Usually Black takes first on d4
if he wants to play this way.} ({The common continuation is} 4... Nc6 {and if}
5. dxc5 {then Black achieves good play with} d5 {which was confirmed in
practice more than once.}) 5. dxc5 {A principled answer, which, however does
not bring the desired result. Therefore quiet options are preferable.} (5. Be3
$142) (5. Bd3 $142) 5... d5 $1 $146 {The idea is not knew, see 4...Nc6.} (5...
dxc5 6. Qxd8+ Kxd8 {leads to a more pleasant endgame for White.}) 6. e5 (6. b4
a5 7. Bb5+ Bd7 8. Bxd7+ Nbxd7 $44) (6. exd5 $6 Bxc5 7. Bb5+ Kf8 8. dxe6 Qb6 $44
) (6. Be3 $142 Nbd7 (6... dxe4 $6 7. Qxd8+ Kxd8 8. Na3 $36 {[%cal Ge1c1]}) (
6... Qc7 7. b4 b6 8. Qa4+ {Otherwise Black has excellent prospects} (8. cxb6 $6
axb6 $44) 8... Bd7 9. cxb6 Qxb6 $5 10. Bxb6 Bxa4 11. Bd4 dxe4 12. Bxf6 gxf6 13.
fxe4 Nd7 $44) 7. b4 dxe4 8. fxe4 Nxe4 9. Nf3 $13) 6... Nfd7 7. f4 Bxc5 8. Nf3
f6 ({Safer is to start with} 8... Nc6 $15 {[%cal Gf7f6] in order to avoid the
answer 9.Nd4, see next comment.} 9. Nd4 $140 $6 Qb6 $17) 9. Bd3 (9. Nd4 $142
$13 {can lead to some wild tactical complications, in which White has his
chances as well:} Qb6 (9... fxe5 10. Nxe6) 10. Qh5+ g6 11. Qh3 Kf7 12. Bd3 fxe5
$140 (12... Bxd4 13. cxd4 Qxd4 14. Nc3 $44) 13. Bxg6+ $1 Kxg6 (13... hxg6 $5) (
13... Kg7 $2 14. Nxe6+ Kxg6 15. Rf1 $40) 14. fxe5 {[%cal Gh3h6]} h6 15. Qg4+
Kh7 16. Nxe6 Rg8 17. Qf5+ Kh8 18. Bxh6 $40 {[%cal Gf5h5]}) 9... Nc6 10. Qe2 $2
({White needs to close the diagonal a7-g1 in another way:} 10. b4 $8 Bb6 11. b5
Na5 12. Nd4 $13 {[%cal Gd1h5]}) 10... O-O 11. Be3 {This is bad, but White is
already in troubles.} (11. b4 Bb6 12. b5 {does not help much now:} Na5 13. Nd4
Nc5 $17 {/-+ For instance:} 14. O-O fxe5 15. fxe5 Rxf1+ 16. Qxf1 Nxd3 17. Qxd3
Qh4 {[%cal Gh4e1]} 18. g3 Qh5 $19 {[%csl Re5][%cal Ga5c4]}) 11... Qb6 12. Bxc5
Nxc5 {White has a difficult position. His king is in the center and cannot
castle yet. Moreover, the position can open up any moment. The next move
showed that White collapsed at once under such pressure.} 13. Bc2 Qxb2 $19 14.
O-O ({It turns out that after} 14. Bxh7+ Kxh7 15. Qxb2 {Black has} Nd3+) 14...
f5 {The safest approach, since Black wins material anyway.} (14... Qxa1 $19)
15. Qf2 b6 16. g4 Qxa1 17. gxf5 exf5 18. Kh1 Qxa2 19. Rg1 Ne6 20. Nh4 d4 21.
Qg2 d3 22. Qxc6 dxc2 0-1

[Event "FIDE World Cup-C"]
[Site "Shenyang"]
[Date "2000.09.03"]
[Round "3"]
[White "Rizouk, Aimen"]
[Black "Movsesian, Sergei"]
[Result "0-1"]
[WhiteElo "2350"]
[BlackElo "2666"]
[Annotator "Rogozenco,D"]
[PlyCount "86"]
[EventDate "2000.09.01"]
[EventType "tourn"]
[EventRounds "5"]
[EventCountry "CHN"]
[EventCategory "15"]
[SourceTitle "CBM 079"]
[Source "ChessBase"]
[SourceDate "2000.11.21"]
[SourceVersion "1"]
[SourceVersionDate "2000.11.21"]
[SourceQuality "1"]

1. e4 c5 2. c3 d6 3. d4 Nf6 4. Bd3 e5 5. Nf3 Nc6 6. d5 Ne7 {In my opinion a
doubtful set-up.} 7. Bg5 $1 {All of a sudden Black faces serious problems and
has an unpleasant choice of either to go back with his f6 Knight after which
White will have development advantage, or to weaken his pawn structure. In the
present game Movsesian chooses the second way.} (7. O-O g6 8. Nfd2 Bg7 9. Nc4
O-O 10. f4 $1 {also here Black is forced to play very exactly in order not to
get a lost position in a few moves.} b5 11. fxe5 dxe5 12. Ne3 Bd7 13. c4 b4 14.
Nd2 $14 {1-0 Zhang Zhong-Movsesian,S/Elista 1998/ (41)}) 7... Ng6 (7... Nd7 8.
Nfd2 h6 9. Nc4 $1 Qc7 10. Bd2 g6 11. a4 Bg7 12. Nba3 a6 13. O-O O-O 14. f4 $16
{1-0 Doncevic,D-Groszpeter,A/Budapest 1985/ (54)}) 8. Bb5+ {The point. Now
White takes on f6 and breaks the opponent's structure.} Bd7 9. Bxf6 gxf6 (9...
Qxf6 10. Bxd7+ Kxd7 11. O-O $16) 10. a4 a6 11. Bxd7+ Qxd7 12. Nbd2 $14 {/+/-.}
f5 13. Qc2 fxe4 14. Nxe4 Be7 15. Ng3 $1 {Interesting pawn sac. Main idea is to
use weak light-squares in Black's camp.} Nf4 16. O-O Nxd5 17. Rad1 Qe6 18. Nf5
$44 {White has compensation for the pawn first of all due to many weaknesses
in Black's position. After the next move black King will have to stay in the
center ot castle long, but in neither case he will be totally safe.} Rg8 (18...
O-O $2 19. Rxd5 Qxd5 20. Nxe7+ $18) 19. Qe4 Nf6 $6 (19... Nf4 20. g3 O-O-O 21.
Kh1 Ng6 22. b4 $44 (22. c4 $44)) 20. Qxb7 Rd8 21. Nxe7 Qxe7 22. Qxa6 {The
situation changed and probably not in Black's favour. Now White is a pawn up
and there is hardly any compensation for that. Black's only hope is to use the
g-file for attack, but with accurate play White should be able to defend with
no problems at all.} Kf8 23. Rfe1 e4 24. Nd2 d5 25. Qe2 {Black succeeded to
advance his central pawns, but there are possibilities to attack it with
either c3-c4 or f2-f3.} Rg6 (25... c4 26. f3 $16 {and not easy to create
threats against the position of white King:} Nh5 27. Qe3 Rd6 28. fxe4 Rdg6 29.
Kh1 $1 (29. exd5 $4 Rxg2+ 30. Kh1 Rxh2+ 31. Kxh2 Qh4+ 32. Qh3 Qf2+ 33. Kh1 Ng3+
$19) 29... Rxg2 $140 30. Qh6+ $18) 26. c4 (26. f3 $5) 26... dxc4 27. Nxc4 Rd4
28. Ne3 (28. f3 $142 Qe6 29. Rxd4 cxd4 30. fxe4 Nxe4 31. Qxe4 Qxc4 $16 32. Rd1
(32. a5)) 28... Qe5 29. a5 Nh5 30. Ra1 Nf4 31. Qf1 Rd7 (31... Rd2 32. Kh1) 32.
a6 Ra7 33. Qb5 Kg7 {Suddenly Black blockated the most dangerous pawn and White
fails to find a constructive plan. Black has active pieces and the King on g1
feels not safe, so in a practical game is easier to play with Black.} 34. b4 $2
{Just blunders a pawn. The position was not easy to evaluate, probably there
is good practical compensation for the pawn. But after the game move the
material becomes equal and Black's chances are clearly better.} (34. Ra4 Nd3
35. Re2 f5 36. g3 f4 $140 37. Nf1) 34... Nd3 $17 35. Rf1 Nxb4 36. Rac1 Nd3 37.
Ra1 h5 38. Nc4 $2 {Moving away the only piece which defends white King is a
suicide.} (38. Ra4 $5 {/\ 39.f3}) (38. f3 $2 Qd4 $19) 38... Qf6 39. Qb8 {
Loses by force.} Qf3 (39... Rxg2+ 40. Kxg2 Qf3+ 41. Kg1 Nf4 42. Qxf4 Qxf4 {
was also possible, but the game is much stronger.}) 40. Ne3 (40. g3 Nf4 $19)
40... Nf4 41. Nf5+ (41. Kh1 Nxg2 42. Nf5+ Kh7 $19) 41... Kh7 42. Nh4 Rxg2+ 43.
Kh1 Rg1+ {and mate next.} 0-1

[Event "EU-ch 2nd"]
[Site "Ohrid"]
[Date "2001.06.05"]
[Round "5"]
[White "De Vreugt, Dennis"]
[Black "Fedorov, Alexei"]
[Result "1-0"]
[WhiteElo "2460"]
[BlackElo "2590"]
[Annotator "Rogozenco,D"]
[PlyCount "93"]
[EventDate "2001.06.01"]
[EventType "swiss"]
[EventRounds "13"]
[EventCountry "YUG"]
[SourceTitle "CBM 084"]
[Source "ChessBase"]
[SourceDate "2001.09.13"]
[SourceVersion "1"]
[SourceVersionDate "2001.09.13"]
[SourceQuality "1"]

1. e4 c5 2. c3 d6 3. d4 Nf6 4. Bd3 Nc6 5. Nf3 e5 {Quite popular lately. In my
opinion Black fixes a bit too early the pawn structure and although Fedorov
has played it before, Black has limited active possibilities.} (5... Bg4) 6.
dxe5 {The easiest way. Whites gets a slight, but thanks to the better
structure a long-term edge.} ({More complicated is} 6. d5) 6... dxe5 7. O-O Be7
8. Qe2 O-O 9. Nbd2 Qc7 10. Re1 h6 11. Nf1 Be6 12. Ng3 Rfd8 13. Nh4 Bf8 14. Bc4
Bxc4 15. Qxc4 g6 16. Be3 a6 17. Qe2 b5 18. h3 c4 19. Red1 Rxd1+ 20. Rxd1 Rd8
21. Nf3 Rxd1+ 22. Qxd1 Na5 23. Qd2 h5 (23... Kh7 $142) 24. Bg5 $1 Nd7 $2 (24...
Be7 25. Bxf6 Bxf6 26. Nf1 {[%csl Rd5][%cal Gf1e3,Ge3d5]} Qc6 27. Qc2 $14) {
[%tqu "En","With the tactical help White gets a big advantage. What would you
play?","","","g5d8","Thanks to this unexpected blow White wins a pawn and
reaches a technically winning position.",10]} 25. Bd8 $1 {Thanks to this
unexpected blow White wins a pawn and reaches a technically winning position.}
Qxd8 26. Nxe5 Nb7 (26... Bh6 27. Qxd7 (27. Qd5 Qe7 28. Nxd7 Bc1 29. e5 Bxb2 30.
Nf6+ Kg7 31. Qd2 Qxe5 (31... Ba3 32. Ngxh5+ gxh5 33. Qg5+ $18) 32. Nge4 Ba3 33.
Qd8 Bf8 34. Qxf8+ Kxf8 35. Nd7+ $18) 27... Qxd7 28. Nxd7 Bc1 29. Nc5 Bxb2 30.
Ne2 $18) 27. Qxd7 Qxd7 28. Nxd7 Bh6 29. Ne2 $18 Bd2 30. e5 Kg7 31. g3 g5 32. g4
hxg4 33. hxg4 a5 34. Kg2 Nd8 35. Kf3 Ne6 36. Ke4 Nf4 37. Nxf4 gxf4 38. Kd4 f3
39. a4 bxa4 40. Nb6 Be1 41. Nxc4 Bxf2+ 42. Ke4 Bh4 43. Kxf3 Bd8 44. Ke4 Kg6 45.
Nd6 f6 46. e6 Be7 47. Kd5 1-0